000 00567nam a2200241Ia 4500
999 _c28041
_d28041
003 0100
005 20181017150131.0
008 130303s9999 xx 000 0 und d
040 _cARRUPELIB
050 _aBJ1012.M21 1977
100 _aMackie, J.L
_917026
245 _aEthics
245 _binventing right and wrong
260 _aNew york
260 _bPenguin Books
_c1977
300 _a249p.
300 _b 19cm.
650 _aETHICS
_943019
650 _bEthics -- Collected works
_943020
650 _cEthics -- History -- Sources
_943021
700 _aHonderich , Ted (ed.)
_943022
942 0 0 _010
_2lcc
_cMONOGRAPH